000
00286nam a22001217a 4500
008
171020b xxu||||| |||| 00| 0 eng d
020
_a
9780321011459
080
_2
3RD
_a
338
100
_a
54
101
_a
MEN
245
_a
MODERN INDUSTRIAL ORGANIZATION
_c
CARLTON,D.W
942
_2
udc
_c
BK
999
_c
35039
_d
35039